[Event "RSA-chT U20"]
[Site "Boksburg"]
[Date "2020.01.05"]
[Round "3.4"]
[White "Zondo, Linda"]
[Black "Landitho, Mzwandile"]
[Result "0-1"]
[WhiteElo "1387"]
[BlackElo "1589"]
[PlyCount "92"]
[EventDate "2020.01.04"]
[EventType "team-tourn"]
[EventRounds "7"]
[EventCountry "RSA"]
[SourceTitle "CBM 194 Extra"]
[Source "ChessBase"]
[SourceDate "2020.03.31"]
[SourceVersion "1"]
[SourceVersionDate "2020.03.31"]
[SourceQuality "1"]
[WhiteTeam "Sedibeng U20"]
[BlackTeam "Johannesburg Metro U20"]
[WhiteTeamCountry "RSA"]
[BlackTeamCountry "RSA"]

1. d4 Nf6 2. Bf4 g6 3. e3 Bg7 4. Nf3 d6 5. Bc4 0-0 6. c3 Nfd7 7. h4 e5 8. Bg5 Bf6 9. Bh6 Bg7 10. Bxg7 Kxg7 11. Nbd2 Nc6 12. dxe5 Ndxe5 13. Bd5 Nd3+ 14. Ke2 Nce5 15. Be4 Nc5 16. Nxe5 Nxe4 17. Nxe4 dxe5 18. Qxd8 Rxd8 19. Rad1 Be6 20. b3 b6 21. c4 f5 22. Nc3 a6 23. Rxd8 Rxd8 24. Rd1 Rxd1 25. Kxd1 Kf6 26. Kc2 f4 27. Kd3 Kf5 28. f3 h6 29. e4+ Kf6 30. Nd5+ Bxd5 31. exd5 Kf5 32. b4 g5 33. hxg5 hxg5 34. c5 bxc5 35. bxc5 a5 36. a4 e4+ 37. fxe4+ Ke5 38. Ke2 g4 39. Kd3 Kf6 40. Kd4 g3 41. e5+ Kf5 42. d6 cxd6 43. c6 Ke6 44. exd6 f3 45. Kc5 fxg2 46. Kb6 g1Q+ 0-1

[Event "RSA-chT U16"]
[Site "Cape Town"]
[Date "2016.01.06"]
[Round "6.8"]
[White "Booysen, Antonio"]
[Black "Zondo, Linda"]
[Result "1-0"]
[WhiteElo "1539"]
[BlackElo "1095"]
[PlyCount "27"]
[EventDate "2016.01.04"]
[EventType "team-tourn"]
[EventRounds "7"]
[EventCountry "RSA"]
[SourceTitle "CBM 170 Extra"]
[Source "ChessBase"]
[SourceDate "2016.02.25"]
[SourceVersion "1"]
[SourceVersionDate "2016.02.25"]
[SourceQuality "1"]
[WhiteTeam "Tshwane"]
[BlackTeam "Sedibeng"]
[WhiteTeamCountry "RSA"]
[BlackTeamCountry "RSA"]

1. e4 e5 2. Nf3 Nc6 3. Bb5 a6 4. Ba4 b5 5. Bb3 d6 6. Nc3 h6 7. Ne2 Nge7 8. d3 g6 9. Be3 Bg7 10. 0-0 0-0 11. a4 Bb7 12. axb5 axb5 13. Rxa8 Bxa8 14. c3 1-0